Normal view
MARC view
Entry Nome pessoal
001 - NÚMERO DE CONTROLE
- campo de controle: 1029
003 - IDENTIFICADOR DO NÚMERO DE CONTROLE
- campo de controle: Br
005 - DATA E HORÁRIO DA ÚLTIMA TRANSAÇÃO
- campo de controle: 20250902141951.0
008 - CAMPO DE DADOS FIXOS
- campo de controle de tamanho fixo: 971119n| acnnnaab| aaaa |d
035 ## - NÚMERO DE CONTROLE DO SISTEMA
- Número de Controle do Sistema: 97111912135470E16
040 ## - FONTE DA CATALOGAÇÃO
- Instituição da catalogação original: Br
- Instituição que transcreveu o registro: Br
100 1# - CABEÇALHO--NOME PESSOAL
- Nome pessoal: Borges, Rogério,
- Datas associadas ao nome: 1951-
400 1# - REMISSIVA VER--NOME PESSOAL
- Nome pessoal: Borges, Rogério Nunes
- Datas associadas ao nome: 1951-
400 2# - REMISSIVA VER--NOME PESSOAL
- Nome pessoal: Nunes Borges, Rogério
- Datas associadas ao nome: 1951-
670 ## - FONTE POSITIVA DOS DADOS
- Citação da fonte positiva dos dados: Sec. de: Machado, Ana Maria. Severino faz chover... 1977
- Dados encontrados na fonte localizada no subcampo: (orelha: ilustrador; d.n.)
670 ## - FONTE POSITIVA DOS DADOS
- Citação da fonte positiva dos dados: Em: Carr, Stella. O segredo do Museu Imperial...
- Dados encontrados na fonte localizada no subcampo: (ficha cat.: n.c.)
670 ## - FONTE POSITIVA DOS DADOS
- Citação da fonte positiva dos dados: Ilustr. bras. lit. inf. e juv., 1989
- Dados encontrados na fonte localizada no subcampo: (d.n.)
670 ## - FONTE POSITIVA DOS DADOS
- Citação da fonte positiva dos dados: http://authorities.loc.gov 20/7/2011
- Dados encontrados na fonte localizada no subcampo: (d.n.)